00563nam a2200193Ia 45000010005000000080041000050200018000460400013000640820018000771000022000952450067001172600009001843000011001935460007002046500014002119420007002259990017002329520120002499120140326s9999 xx 000 0 und d a0-671-70863-5 cPK-LaUMT a 158.1bCOV-S aCovey, Stephen R. 4aThe seven habits of highly effective peoplecCovey, Stephen R. c1989 a358 p. aEN aCharacter cBK c10314d10314 00104070a01b01d2014-03-26l7o 158.1 COV-Sp10187q2019-09-16r2019-09-02 00:00:00s2019-09-02w2014-03-26yBK